Organic farming (Record no. 1667)

MARC details
000 -LEADER
fixed length control field 00696 a2200217 4500
010 ## - LIBRARY OF CONGRESS CONTROL NUMBER
LC control number ENG-85212
020 ## - INTERNATIONAL STANDARD BOOK NUMBER
International Standard Book Number 817596345X
Terms of availability 595.00
035 ## - SYSTEM CONTROL NUMBER
System control number EN-68745
037 ## - SOURCE OF ACQUISITION
Source of stock number/acquisition D.B.Act / Pub
082 14 - DEWEY DECIMAL CLASSIFICATION NUMBER
Classification number 631.584
090 ## - LOCALLY ASSIGNED LC-TYPE CALL NUMBER (OCLC); LOCAL CALL NUMBER (OCLC)
-- 1697
-- 1697
100 ## - MAIN ENTRY--PERSONAL NAME
Personal name Veeresh, G. K.
245 1# - TITLE STATEMENT
Title Organic farming
Statement of responsibility, etc G K Veeresh
260 ## - PUBLICATION, DISTRIBUTION, ETC. (IMPRINT)
Place of publication, distribution, etc New Delhi
Name of publisher, distributor, etc Foundation Books
Date of publication, distribution, etc 2006
270 ## - ADDRESS
Address 4381/4, Ansari Road, Darya Ganj
City New Delhi
State or province Delhi
Postal code 110002
300 ## - PHYSICAL DESCRIPTION
Extent vii, 167 p. :
Other physical details ill. ;
Dimensions 24 cm. (Hb)
500 ## - GENERAL NOTE
General note Includes bibliographical references
650 #0 - SUBJECT ADDED ENTRY--TOPICAL TERM
Topical term or geographic name as entry element Organic farming
942 ## - ADDED ENTRY ELEMENTS (KOHA)
Institution code [OBSOLETE] dpl
Koha item type English Books
Call number prefix 631.584 / VEE
Holdings
Withdrawn status Lost status Source of classification or shelving scheme Damaged status Not for loan Collection code Home library Current library Source of acquisition Cost, normal purchase price Total Checkouts Full call number Barcode Date last seen Copy number Uniform Resource Identifier Cost, replacement price Price effective from Koha item type
    Dewey Decimal Classification   Not For Loan Non-fiction D.B.Act.Division D.B.Act.Division DBAD/PUB 595.00   631.584 VEE EN-68745 15/09/2008 1 1765 595.00 15/09/2008 English Books

© Delhi Public Library
Hit Counter
free hit counter